000 00641nam a2200205Ia 4500
003 GCL
008 140319s9999 xx 000 0 ara d
040 _aGCL /
_cGCL
082 0 4 _aق
_b370.962
_bم س
100 1 _aمحمد ابوالاسعاد
245 1 0 _aسياسة التعليم فى مصر تحت الاحتلال البريطانى /
_cمحمد ابوالاسعاد
260 _a[S.N] :
_bطيبة للدراسات والنشر ،
_c1993
300 _a279 ص
490 _a
650 0 4 _aالعصر الحديث
650 0 4 _aمصر
650 0 4 _aالتعليم
650 0 4 _aالتاريخ الحديث
942 _2ddc
_cBK
999 _c52508
_d52508